000 01087nam a2200277 a 4500
001 000008965
005 20251120073731.0
008 090922s1990 dr r 000 p spa d
040 _aDO-SdBNP
_bspa
_cBNPHU
082 _aRD861.08
_bC965p, 1990
245 0 0 _aCuentos y poesías de hispanoamérica :
_bantología /
_cIntroducción, notas y selección Apolinar Núñez y Carlos Fernández Rocha.
250 _a5a. ed
260 _aSantiago, República Dominicana :
_bPUCMM,
_c1990.
300 _a162 P. ;
_c21 cm.
490 1 _aTextos
500 _aIncluye datos biográficos de los autores en la contracubierta
504 _aIncluye referencias bibliográficas y notas al pie de la páginas
590 _aInventariado, 2018/BT
650 4 _aPoesía hispanoamericana
_xColecciones
_9317
650 4 _aLiteratura hispanoamericana
_xColecciones
_917838
700 1 2 _aNúñez, Apolinar
_914150
700 1 2 _aFernández Rocha, Carlos
_96526
710 2 2 _aPontificia Universidad Católica Madre y Maestra
_9843
830 0 _aTextos
_914460
910 _aValidado. Control de calidad. MFF
999 _c8729
_d8729